Cheerios Varieties - Statistics

General Stats
  • This quiz has been taken 348 times
  • The average score is 6 of 13
Answer Stats
Hint Answer % Correct
2 Honey Nut Cheerios
94%
1 Cheerios
86%
8 Chocolate Cheerios
83%
7 Cinnamon Burst Cheerios
60%
11 Frosted Cheerios
56%
3 Multi Grain Cheerios
53%
4 Apple Cinnamon Cheerios
44%
12 Fruity Cheerios
42%
10 Multi Grain Cheerios Peanut Butter
32%
5 Banana Nut Cheerios
22%
13 Yogurt Burst Cheerios
17%
6 Cheerios Crunch
9%
9 Dulce de Leche Cheerios
9%
No matching quizzes found
Score Distribution
Percent of People with Each Score
Percentile by Number Answered
Your Score History
You have not taken this quiz